000 00542nam a2200205Ia 4500
001 18451
003 GE_BSU
008 181216s||||||||xx |||||||||||||| ||und||
020 _a9781412905374
040 _cGE_BSU
245 _aEncyclopedia of Career Development. 2 Volume.
245 _cEditors: Greenhaus J., Callanan G.
260 _aLondon
260 _bSage
260 _c2006
300 _a950p. 29cm.
653 _aEncyclopedia of Career Development
653 _aკარიერა, სამსახური
942 _cBK
999 _c51465
_d51465